| 000 | 00377nam a2200145Ia 4500 | ||
|---|---|---|---|
| 008 | 230312s9999||||xx |||||||||||||| ||und|| | ||
| 020 | _a1-935660-15-6 | ||
| 082 |
_a616.01 _bGLA-C |
||
| 100 | _aGladwin;Mark | ||
| 245 | 0 | _aClinical Microbiology made ridiculously simple | |
| 260 |
_bMedmaster ,inc _aUSA _c2017 |
||
| 300 | _a403 | ||
| 650 |
_aMedical _vMicrobiology |
||
| 942 | _cBK | ||
| 999 |
_c1490 _d1490 |
||